Joueurs de Foot ou Joueurs de Rugby Français - Statistiques

Statistiques générales
  • Ce quiz a été pris 1 022 fois
  • Le résultat moyen est 34 sur 40
Statistiques - réponses
Hint Réponse % Correct
Théo Hernandez Foot
97%
Lilian Thuram Foot
96%
Sébastien Chabal Rugby
96%
Kylian Mbappé Foot
95%
Randal Kolo Muani Foot
95%
Antoine Dupont Rugby
95%
Gaël Fickou Rugby
95%
Benjamin Pavard Foot
94%
Warren Zaïre-Emery Foot
94%
Alexandre Lacazette Foot
94%
Matthieu Jalibert Rugby
94%
Romain Ntamack Rugby
94%
Charles Ollivon Rugby
94%
Damian Penaud Rugby
93%
Jonathan Clauss Foot
92%
Thomas Ramos Rugby
92%
Frédéric Michalak Rugby
92%
David Trezeguet Foot
91%
Martin Terrier Foot
91%
Vincent Clerc Rugby
91%
Nolann Le Garrec Rugby
90%
Morgan Parra Rugby
89%
Christophe Dominici Rugby
88%
Serge Blanco Rugby
87%
Laurent Blanc Foot
86%
Imanol Harinordoquy Rugby
85%
Marius Trésor Foot
84%
Pierre Lees-Melou Foot
80%
Nicolas Pallois Foot
80%
Raphaël Ibañez Rugby
80%
Alain Giresse Foot
76%
Serge Betsen Rugby
76%
José Touré Foot
74%
Thierry Lacroix Rugby
71%
Didier Camberabero Rugby
67%
Manuel Amoros Foot
58%
Reynald Pédros Foot
56%
Abdelatif Benazzi Rugby
54%
Yannick Stopyra Foot
51%
Maxime Bossis Foot
50%
Aucun quiz correspondant
Distribution des résultats
% des personnes avec chaque résultat
Percentile par nombre de réponses
Votre historique - résultats
Vous n’avez pas pris ce quiz